| 000 | 01083cab a2200277 4500 | ||
|---|---|---|---|
| 001 | WB2848-43 | ||
| 008 | 090401t1992 xxu||||| |||| 00| 0 eng d | ||
| 035 | _a(Sirsi) u68395 | ||
| 041 | _aeng | ||
| 245 | _aLandlord and Tenant Act 1954 | ||
| 260 | _c1992 | ||
| 350 | _a0 | ||
| 490 |
_aEstates Gazette Case Summaries _v(1992) EGCS 143(2) (5/12/1992) |
||
| 520 | _aDecisions in "City of London Corporation v Fell and others" and "Herbert Duncan Ltd v Cluttons" gave conflicting responses to the issue of whether, under the Landlord and Tenant Act, contractual obligations of an original business tenant were maintained after the term if the tenancy had been assigned previous to it. | ||
| 650 | _aASSIGNMENT | ||
| 650 | _aBUSINESS TENANCIES | ||
| 650 | _aCITY OF LONDON CORPORATION V FELL | ||
| 650 | _aCONTINUING LIABILITY | ||
| 650 | _aHERBERT DUNCAN LTD V CLUTTONS | ||
| 650 | _aLANDLORD AND TENANT ACT 1954 S24(1) | ||
| 650 | _aLEASES | ||
| 650 | _aLIABILITY | ||
| 690 | _aLANDLORD AND TENANT-CASE LAW-BUSINESS TENANCIES | ||
| 942 | _n0 | ||
| 948 | _c04/03/1997 | ||
| 999 |
_c42912 _d42912 |
||